| 000 | 00517nam a22001577a 4500 | ||
|---|---|---|---|
| 003 | NUST | ||
| 082 | _a670 | ||
| 100 |
_aAhmed, Abrar _917157 |
||
| 245 |
_aStrategic Design of Multi Echelon Distribution Network / _cAbrar Ahmed |
||
| 264 |
_aIslamabad : _bSMME- NUST; _c2009. |
||
| 300 |
_a54p. ; _c30cm. |
||
| 650 |
_aMS Design and Manufacturing Engineering _9119567 |
||
| 700 |
_a Supervisor : Prof Dr Riaz Ahmed _9119880 |
||
| 856 | _u http://10.250.8.41:8080/xmlui/handle/123456789/8913 | ||
| 942 |
_2ddc _cTHE |
||
| 999 |
_c607406 _d607406 |
||